| 000 | 00700nam a2200205 4500 | ||
|---|---|---|---|
| 001 | 108523 | ||
| 003 | ES-MaACL | ||
| 005 | 20251226165723.0 | ||
| 007 | t| | ||
| 008 | 061121s1963 sp r ||||1| spa d | ||
| 100 | 1 |
_aMoniz Bettencourt, J. _982216 |
|
| 245 | 1 | 3 |
_aLa circulación hepática normal y patológica / _cJ. Moniz Bettencourt, J. Mirabeau; prólogo de V. Gilsanz; traducción de J. Díaz Vázquez. |
| 260 |
_aMadrid : _bCultura Clásica y Moderna, _c1963. |
||
| 300 |
_aVIII, 328 p., 1 lám : _bil. |
||
| 700 | 0 |
_aGilsanz, Vicente _957013 |
|
| 700 | 1 |
_aDíaz Vázquez, J. _944450 |
|
| 700 | 1 |
_aMirabeau, J. _981464 |
|
| 852 |
_aES-MaACL _jC-23597 _bR.52420 |
||
| 999 |
_c108523 _d108523 |
||